<?xml version="1.0" encoding="UTF-8"?>
<record
    xmlns:xsi="http://www.w3.org/2001/XMLSchema-instance"
    xsi:schemaLocation="http://www.loc.gov/MARC21/slim http://www.loc.gov/standards/marcxml/schema/MARC21slim.xsd"
    xmlns="http://www.loc.gov/MARC21/slim">

  <leader>01039nam a22002297a 4500</leader>
  <controlfield tag="005">2010072705525.0</controlfield>
  <datafield tag="010" ind1=" " ind2=" ">
    <subfield code="a">HIN-89849</subfield>
  </datafield>
  <datafield tag="020" ind1=" " ind2=" ">
    <subfield code="a">8188858838</subfield>
    <subfield code="c">150.00</subfield>
  </datafield>
  <datafield tag="035" ind1=" " ind2=" ">
    <subfield code="a">HN-62195</subfield>
  </datafield>
  <datafield tag="037" ind1=" " ind2=" ">
    <subfield code="b">DBAD / PUB</subfield>
  </datafield>
  <datafield tag="082" ind1=" " ind2=" ">
    <subfield code="a">&#x915;</subfield>
  </datafield>
  <datafield tag="100" ind1=" " ind2=" ">
    <subfield code="a">&#x92D;&#x93E;&#x930;&#x926;&#x94D;&#x935;&#x93E;&#x91C;, &#x906;&#x936;&#x941;&#x924;&#x94B;&#x937;</subfield>
    <subfield code="9">23961</subfield>
  </datafield>
  <datafield tag="245" ind1=" " ind2=" ">
    <subfield code="a">&#x91C;&#x94B; &#x92B;&#x94D;&#x930;&#x947;&#x92E; &#x92E;&#x947;&#x902; &#x928; &#x925;&#x947; /</subfield>
    <subfield code="c">&#x906;&#x936;&#x941;&#x924;&#x94B;&#x937; &#x92D;&#x93E;&#x930;&#x926;&#x94D;&#x935;&#x93E;&#x91C; </subfield>
  </datafield>
  <datafield tag="246" ind1=" " ind2=" ">
    <subfield code="a">Jo frem mein na the</subfield>
    <subfield code="b">by Ashutosh Bhardwaj</subfield>
  </datafield>
  <datafield tag="260" ind1=" " ind2=" ">
    <subfield code="a">&#x92C;&#x940;&#x915;&#x93E;&#x928;&#x947;&#x930;</subfield>
    <subfield code="b">&#x938;&#x942;&#x930;&#x94D;&#x92F; &#x92A;&#x94D;&#x930;&#x915;&#x93E;&#x936;&#x928; &#x92E;&#x928;&#x94D;&#x926;&#x93F;&#x930;</subfield>
    <subfield code="c">2010</subfield>
  </datafield>
  <datafield tag="270" ind1=" " ind2=" ">
    <subfield code="a">&#x928;&#x947;&#x939;&#x930;&#x942; &#x92E;&#x93E;&#x930;&#x94D;&#x917; (&#x926;&#x93E;&#x90A;&#x91C;&#x940; &#x930;&#x94B;&#x921;)</subfield>
    <subfield code="b">&#x92C;&#x940;&#x915;&#x93E;&#x928;&#x947;&#x930;</subfield>
  </datafield>
  <datafield tag="300" ind1=" " ind2=" ">
    <subfield code="a">112&#x92A;&#x943;.</subfield>
    <subfield code="c">22&#x938;&#x947;&#x92E;&#x940; (&#x938;&#x91C;&#x93F;&#x932;&#x94D;&#x926;)</subfield>
  </datafield>
  <datafield tag="650" ind1=" " ind2=" ">
    <subfield code="b">&#x932;&#x918;&#x941; &#x915;&#x925;&#x93E;&#x90F;&#x901;, &#x939;&#x93F;&#x928;&#x94D;&#x926;&#x940;</subfield>
    <subfield code="9">1169</subfield>
  </datafield>
  <datafield tag="650" ind1=" " ind2=" ">
    <subfield code="b">Short Stories</subfield>
    <subfield code="9">1170</subfield>
  </datafield>
  <datafield tag="942" ind1=" " ind2=" ">
    <subfield code="2">ddc</subfield>
    <subfield code="c">HN</subfield>
    <subfield code="h">&#x915;</subfield>
    <subfield code="m">&#x92D;&#x93E;&#x930;&#x926;&#x94D;&#x935;&#x93E;</subfield>
  </datafield>
  <datafield tag="999" ind1=" " ind2=" ">
    <subfield code="c">37948</subfield>
    <subfield code="d">37948</subfield>
  </datafield>
  <datafield tag="952" ind1=" " ind2=" ">
    <subfield code="0">0</subfield>
    <subfield code="1">0</subfield>
    <subfield code="4">0</subfield>
    <subfield code="7">1</subfield>
    <subfield code="8">FIC</subfield>
    <subfield code="a">DBAD</subfield>
    <subfield code="b">DBAD</subfield>
    <subfield code="d">2010-07-27</subfield>
    <subfield code="e">DBAD / PUB</subfield>
    <subfield code="g">150.00</subfield>
    <subfield code="l">0</subfield>
    <subfield code="o">&#x915; &#x92D;&#x93E;&#x930;&#x926;&#x94D;&#x935;&#x93E;</subfield>
    <subfield code="p">HN-62195</subfield>
    <subfield code="r">2010-07-27 00:00:00</subfield>
    <subfield code="t">1</subfield>
    <subfield code="v">150.00</subfield>
    <subfield code="w">2010-07-27</subfield>
    <subfield code="y">HN</subfield>
  </datafield>
</record>
